[Event "Uppsala Young Champions 2016"]
[Site "Uppsala Schackcentrum, Sweden"]
[Date "2016.11.02"]
[Round "8.3"]
[White "Johannesson, Oliver Aron"]
[Black "Storme, Isak"]
[Result "1/2-1/2"]
[BlackElo "2153"]
[WhiteElo "2263"]
[LiveChessVersion "1.4.8"]

1. d4 {[%clk 1:30:01]} e6 {[%clk 1:26:30]} 2. e4 {[%clk 1:29:35]} d5
{[%clk 1:26:52]} 3. Nd2 c5 {[%clk 1:26:41]} 4. exd5 {[%clk 1:30:00]} exd5
{[%clk 1:26:32]} 5. Ngf3 {[%clk 1:29:40]} Nf6 {[%clk 1:24:56]} 6. dxc5
{[%clk 1:26:20]} Bxc5 {[%clk 1:25:18]} 7. Nb3 {[%clk 1:26:45]} Bb6
{[%clk 1:20:44]} 8. Bb5+ {[%clk 1:23:18]} Bd7 {[%clk 1:15:47]} 9. Qe2+
{[%clk 1:20:27]} Qe7 {[%clk 1:08:22]} 10. Bxd7+ {[%clk 1:19:56]} Nbxd7
{[%clk 1:07:51]} 11. Qxe7+ {[%clk 1:20:16]} Kxe7 {[%clk 1:08:12]} 12. O-O
{[%clk 1:20:41]} Rhe8 {[%clk 1:07:59]} 13. Bf4 {[%clk 1:17:05]} Kf8
{[%clk 1:07:53]} 14. Rad1 {[%clk 1:16:34]} Rac8 {[%clk 1:05:58]} 15. Nfd4
{[%clk 1:15:08]} Ne5 {[%clk 1:02:44]} 16. c3 {[%clk 1:09:11]} Nc4
{[%clk 1:02:51]} 17. Bc1 {[%clk 1:09:35]} a5 {[%clk 0:44:33]} 18. Nf5
{[%clk 1:06:26]} g6 {[%clk 0:40:17]} 19. Bh6+ {[%clk 0:53:10]} Kg8
{[%clk 0:40:40]} 20. Bg5 {[%clk 0:51:42]} Bd8 {[%clk 0:33:53]} 21. Ne3
{[%clk 0:41:03]} Nxb2 {[%clk 0:32:04]} 22. Rb1 {[%clk 0:32:48]} Nc4
{[%clk 0:28:34]} 23. Bxf6 {[%clk 0:32:21]} Bxf6 {[%clk 0:28:06]} 24. Nxd5
{[%clk 0:32:29]} Bg7 {[%clk 0:27:09]} 25. Rfd1 {[%clk 0:26:17]} Kf8
{[%clk 0:25:40]} 26. Nd4 {[%clk 0:25:09]} Red8 {[%clk 0:24:58]} 27. Ne2
{[%clk 0:21:02]} Rc5 {[%clk 0:23:34]} 28. Ndf4 {[%clk 0:18:09]} Rxd1+
{[%clk 0:20:07]} 29. Rxd1 {[%clk 0:18:37]} Nb2 {[%clk 0:20:07]} 30. Rd7
{[%clk 0:10:30]} Bxc3 {[%clk 0:17:06]} 31. Rxb7 {[%clk 0:09:51]} Be5
{[%clk 0:16:50]} 32. g3 {[%clk 0:09:49]} Rc2 {[%clk 0:16:15]} 33. h4
{[%clk 0:06:16]} Nd1 {[%clk 0:13:59]} 34. a4 {[%clk 0:05:21]} Bxf4
{[%clk 0:14:11]} 35. Nxf4 {[%clk 0:05:49]} Nxf2 {[%clk 0:13:45]} 36. Rb5
{[%clk 0:05:58]} Ne4 {[%clk 0:13:42]} 37. Rxa5 {[%clk 0:06:23]} Nxg3 38. Ra8+
{[%clk 0:06:34]} Kg7 {[%clk 0:14:15]} 39. Nd5 {[%clk 0:05:48]} Rc4
{[%clk 0:13:18]} 40. a5 Rxh4 {[%clk 0:13:43]} 41. a6 {[%clk 0:06:03]} Ra4
{[%clk 0:13:56]} 42. Nc3 {[%clk 0:04:32]} Ra5 {[%clk 0:13:41]} 43. a7
{[%clk 0:03:53]} h5 {[%clk 0:12:44]} 44. Nb5 {[%clk 0:03:52]} h4 {[%clk 0:12:14]}
45. Rb8 {[%clk 0:02:45]} Ra1+ {[%clk 0:11:15]} 46. Kg2 {[%clk 0:02:02]} Ra2+
{[%clk 0:08:37]} 47. Kh3 {[%clk 0:02:05]} g5 {[%clk 0:07:28]} 48. a8=Q
{[%clk 0:02:20]} Rxa8 {[%clk 0:07:52]} 49. Rxa8 Kg6 {[%clk 0:07:47]} 50. Nd4
{[%clk 0:02:17]} f5 {[%clk 0:07:52]} 51. Nf3 {[%clk 0:01:23]} Ne4
{[%clk 0:07:59]} 52. Kg2 {[%clk 0:01:15]} g4 {[%clk 0:07:30]} 53. Ra6+
{[%clk 0:00:38]} Kh5 {[%clk 0:07:36]} 54. Nd4 {[%clk 0:01:04]} Kg5
{[%clk 0:04:07]} 55. Ne6+ {[%clk 0:01:25]} Kh5 {[%clk 0:04:15]} 56. Nd4
{[%clk 0:01:33]} Kg5 {[%clk 0:04:19]} 57. Ra5 {[%clk 0:01:46]} Ng3
{[%clk 0:04:37]} 58. Ne6+ {[%clk 0:01:51]} Kf6 {[%clk 0:04:48]} 59. Nf4
{[%clk 0:01:36]} Kg5 {[%clk 0:05:09]} 60. Ne6+ {[%clk 0:00:38]} Kf6
{[%clk 0:05:32]} 61. Nf4 {[%clk 0:00:37]} Kg5 {[%clk 0:05:54]} 62. Ne6+
{[%clk 0:00:34]} 1/2-1/2

[Event "Uppsala Young Champions 2016"]
[Site "Uppsala Schackcentrum, Sweden"]
[Date "2016.11.02"]
[Round "8.4"]
[White "Buchert, Vitus"]
[Black "Jogstad, Martin"]
[Result "0-1"]
[BlackElo "2298"]
[WhiteElo "1782"]
[LiveChessVersion "1.4.8"]

1. e4 {[%clk 1:30:58]} e6 {[%clk 1:26:08]} 2. d4 {[%clk 1:31:03]} d5
{[%clk 1:26:36]} 3. Nd2 {[%clk 1:31:26]} Nf6 {[%clk 1:27:01]} 4. e5
{[%clk 1:31:52]} Nfd7 {[%clk 1:27:28]} 5. Bd3 {[%clk 1:32:17]} c5
{[%clk 1:27:54]} 6. c3 {[%clk 1:32:42]} Nc6 {[%clk 1:28:18]} 7. Ngf3
{[%clk 1:33:07]} g6 {[%clk 1:26:24]} 8. O-O {[%clk 1:30:15]} Bg7 {[%clk 1:25:54]}
9. Re1 {[%clk 1:28:35]} Qb6 {[%clk 1:25:11]} 10. h4 {[%clk 1:23:30]} h6
{[%clk 1:22:51]} 11. a3 {[%clk 1:13:40]} cxd4 {[%clk 1:20:37]} 12. cxd4
{[%clk 1:13:40]} a5 {[%clk 0:53:18]} 13. Qc2 {[%clk 1:08:56]} g5 {[%clk 0:39:21]}
14. hxg5 {[%clk 1:03:56]} hxg5 {[%clk 0:39:49]} 15. Nxg5 {[%clk 1:02:25]} Qxd4
{[%clk 0:36:32]} 16. Ndf3 {[%clk 1:00:22]} Qc5 {[%clk 0:35:58]} 17. Qa4
{[%clk 0:59:05]} Qe7 {[%clk 0:31:58]} 18. Qf4 {[%clk 0:38:24]} Rg8
{[%clk 0:17:28]} 19. Bh7 {[%clk 0:30:43]} Rf8 {[%clk 0:16:40]} 20. Bd2
{[%clk 0:23:43]} b6 {[%clk 0:10:57]} 21. b4 {[%clk 0:20:31]} axb4
{[%clk 0:08:28]} 22. Bxb4 {[%clk 0:20:30]} Nxb4 {[%clk 0:08:22]} 23. axb4
{[%clk 0:20:42]} Rxa1 {[%clk 0:07:32]} 24. Rxa1 {[%clk 0:20:29]} Nb8
{[%clk 0:04:47]} 25. Nxf7 {[%clk 0:14:25]} Qxf7 {[%clk 0:04:09]} 26. Qxf7+
{[%clk 0:14:28]} Kxf7 {[%clk 0:04:16]} 27. Ra7+ {[%clk 0:12:50]} Nd7
{[%clk 0:04:23]} 28. Nd4 {[%clk 0:10:11]} Bxe5 {[%clk 0:04:01]} 29. Nc6
{[%clk 0:10:34]} Kf6 0-1

[Event "Uppsala Young Champions 2016"]
[Site "Uppsala Schackcentrum, Sweden"]
[Date "2016.11.02"]
[Round "8.5"]
[White "Emmoth, Alfons"]
[Black "Cardenas, William"]
[Result "1/2-1/2"]
[BlackElo "1986"]
[WhiteElo "1899"]
[LiveChessVersion "1.4.8"]

1. d4 Nf6 {[%clk 1:30:53]} 2. c4 {[%clk 1:31:19]} c5 {[%clk 1:31:22]} 3. d5
{[%clk 1:31:38]} g6 {[%clk 1:31:49]} 4. Nc3 {[%clk 1:31:50]} Bg7 {[%clk 1:32:14]}
5. Nf3 {[%clk 1:31:31]} d6 {[%clk 1:32:36]} 6. e4 {[%clk 1:30:56]} O-O
{[%clk 1:32:59]} 7. Be2 {[%clk 1:31:14]} e6 {[%clk 1:33:24]} 8. Nd2
{[%clk 1:31:22]} Na6 {[%clk 1:32:29]} 9. O-O {[%clk 1:31:15]} exd5
{[%clk 1:32:35]} 10. cxd5 {[%clk 1:31:35]} Nc7 {[%clk 1:33:02]} 11. a4
{[%clk 1:30:42]} b6 {[%clk 1:33:29]} 12. Nc4 {[%clk 1:29:11]} Ba6
{[%clk 1:33:54]} 13. Bg5 {[%clk 1:28:37]} h6 {[%clk 1:31:14]} 14. Be3
{[%clk 1:27:40]} Re8 {[%clk 1:24:38]} 15. f3 {[%clk 1:26:43]} Qd7
{[%clk 1:20:45]} 16. Qd2 {[%clk 1:22:26]} Kh7 {[%clk 1:20:41]} 17. Rab1
{[%clk 1:19:11]} Bxc4 {[%clk 1:08:29]} 18. Bxc4 {[%clk 1:19:38]} a6
{[%clk 1:08:07]} 19. b4 {[%clk 1:13:35]} b5 {[%clk 1:05:43]} 20. Be2
{[%clk 1:13:27]} c4 {[%clk 1:04:22]} 21. a5 {[%clk 1:12:17]} Qe7 {[%clk 1:01:27]}
22. Rbe1 {[%clk 0:59:50]} Rf8 {[%clk 0:51:39]} 23. Bd1 {[%clk 0:51:02]} Rae8
{[%clk 0:50:43]} 24. Bc2 {[%clk 0:46:54]} Nd7 {[%clk 0:39:07]} 25. Bd4
{[%clk 0:42:16]} Bxd4+ {[%clk 0:32:40]} 26. Qxd4 {[%clk 0:42:43]} Qf6
{[%clk 0:32:25]} 27. Qd2 {[%clk 0:40:11]} Qd8 {[%clk 0:26:57]} 28. Ne2
{[%clk 0:36:41]} Ne5 {[%clk 0:25:31]} 29. Nd4 {[%clk 0:35:04]} Qf6
{[%clk 0:24:54]} 30. Ne2 {[%clk 0:28:40]} Nd7 {[%clk 0:22:30]} 31. Nd4
{[%clk 0:20:27]} Ne5 {[%clk 0:22:56]} 32. Ne2 {[%clk 0:17:48]} Nd7
{[%clk 0:23:22]} 33. Nd4 {[%clk 0:07:00]} 1/2-1/2

[Event "Uppsala Young Champions 2016"]
[Site "Uppsala Schackcentrum, Sweden"]
[Date "2016.11.02"]
[Round "8.6"]
[White "Seo, Jung Min"]
[Black "Björkman, Filip"]
[Result "0-1"]
[BlackElo "1976"]
[WhiteElo "2131"]
[LiveChessVersion "1.4.8"]

1. Nf3 {[%clk 1:30:59]} Nf6 {[%clk 1:27:31]} 2. g3 {[%clk 1:31:20]} d5
{[%clk 1:27:37]} 3. Bg2 {[%clk 1:31:45]} e6 {[%clk 1:26:50]} 4. O-O
{[%clk 1:31:15]} Be7 {[%clk 1:26:52]} 5. d4 {[%clk 1:30:57]} O-O {[%clk 1:27:10]}
6. Nbd2 b6 {[%clk 1:24:30]} 7. c4 {[%clk 1:28:10]} Bb7 {[%clk 1:24:05]} 8. b3
{[%clk 1:26:38]} dxc4 {[%clk 1:13:52]} 9. Nxc4 {[%clk 1:21:32]} c5
{[%clk 1:13:16]} 10. Bb2 {[%clk 1:15:20]} cxd4 {[%clk 1:12:35]} 11. Qxd4
{[%clk 1:11:27]} Nc6 {[%clk 1:04:15]} 12. Qxd8 {[%clk 1:04:48]} Rfxd8
{[%clk 1:03:50]} 13. Rfd1 {[%clk 0:59:02]} Rxd1+ {[%clk 0:43:33]} 14. Rxd1
{[%clk 0:59:28]} Rd8 {[%clk 0:43:56]} 15. Rxd8+ {[%clk 0:54:26]} Nxd8
{[%clk 0:42:01]} 16. Nd4 {[%clk 0:48:41]} Bxg2 {[%clk 0:40:55]} 17. Kxg2
{[%clk 0:49:08]} Nd7 {[%clk 0:37:08]} 18. Nf3 {[%clk 0:40:03]} Nc6
{[%clk 0:35:40]} 19. Nd4 {[%clk 0:37:30]} Nxd4 {[%clk 0:31:38]} 20. Bxd4
{[%clk 0:37:56]} b5 {[%clk 0:31:34]} 21. Na5 {[%clk 0:35:09]} a6 {[%clk 0:30:40]}
22. Nc6 {[%clk 0:34:08]} Bd6 {[%clk 0:30:54]} 23. f4 {[%clk 0:32:12]} Kf8
{[%clk 0:22:24]} 24. Kf3 {[%clk 0:31:15]} f5 {[%clk 0:17:13]} 25. e4
{[%clk 0:30:11]} g6 {[%clk 0:14:54]} 26. h3 {[%clk 0:28:38]} h5 {[%clk 0:13:32]}
27. g4 {[%clk 0:26:19]} hxg4+ {[%clk 0:13:10]} 28. hxg4 {[%clk 0:26:44]} Nb8
{[%clk 0:08:38]} 29. Nd8 {[%clk 0:23:47]} Ke7 {[%clk 0:08:35]} 30. Nb7
{[%clk 0:24:13]} Nc6 {[%clk 0:07:03]} 31. Be3 {[%clk 0:21:08]} Nb4
{[%clk 0:04:58]} 32. e5 {[%clk 0:20:33]} Bxe5 {[%clk 0:01:30]} 33. Bc5+
{[%clk 0:20:35]} Kd7 {[%clk 0:01:57]} 34. Bxb4 {[%clk 0:21:00]} Bd4
{[%clk 0:01:46]} 35. Nc5+ {[%clk 0:20:35]} Bxc5 {[%clk 0:00:36]} 36. Bxc5
{[%clk 0:21:02]} 0-1

[Event "Uppsala Young Champions 2016"]
[Site "Uppsala Schackcentrum, Sweden"]
[Date "2016.11.02"]
[Round "8.7"]
[White "Carlsson, Ludvig"]
[Black "Nilsson, Joakim"]
[Result "1-0"]
[BlackElo "2059"]
[WhiteElo "2013"]
[LiveChessVersion "1.4.8"]

1. e4 {[%clk 1:30:55]} c5 {[%clk 1:30:47]} 2. Nf3 {[%clk 1:31:19]} e6
{[%clk 1:31:10]} 3. d4 {[%clk 1:31:42]} cxd4 {[%clk 1:31:31]} 4. Nxd4
{[%clk 1:32:07]} Nc6 {[%clk 1:31:51]} 5. Nc3 {[%clk 1:32:30]} Qc7
{[%clk 1:32:13]} 6. Be2 {[%clk 1:32:45]} Nf6 {[%clk 1:32:36]} 7. Be3
{[%clk 1:32:55]} Be7 {[%clk 1:33:00]} 8. g4 {[%clk 1:33:19]} d6 {[%clk 1:28:26]}
9. g5 {[%clk 1:31:24]} Nd7 {[%clk 1:27:59]} 10. f4 {[%clk 1:31:40]} a6
{[%clk 1:24:08]} 11. Bf3 {[%clk 1:22:09]} Na5 {[%clk 1:01:38]} 12. Qe2
{[%clk 1:22:30]} Nc4 {[%clk 0:57:31]} 13. O-O-O {[%clk 1:22:51]} Nxe3
{[%clk 0:53:45]} 14. Qxe3 {[%clk 1:22:17]} Nb6 {[%clk 0:49:20]} 15. Rhe1
{[%clk 1:16:35]} O-O {[%clk 0:44:22]} 16. Nf5 {[%clk 1:10:35]} exf5
{[%clk 0:38:46]} 17. exf5 {[%clk 1:10:57]} Nc4 {[%clk 0:37:54]} 18. Qxe7
{[%clk 1:08:50]} Qb6 {[%clk 0:38:03]} 19. Na4 {[%clk 1:06:07]} Qb4
{[%clk 0:37:26]} 20. Bd5 {[%clk 1:06:11]} Bxf5 {[%clk 0:36:35]} 21. Qxb7
{[%clk 0:56:21]} Qxa4 {[%clk 0:34:51]} 22. Qb3 {[%clk 0:56:36]} Nxb2
{[%clk 0:22:39]} 23. Qxa4 {[%clk 0:52:56]} Nxa4 {[%clk 0:22:24]} 24. Bxa8
{[%clk 0:53:20]} Rxa8 {[%clk 0:21:54]} 25. Rxd6 {[%clk 0:53:45]} Rc8
{[%clk 0:21:19]} 26. Rc6 {[%clk 0:54:10]} Kf8 {[%clk 0:16:49]} 27. Rxc8+
{[%clk 0:54:16]} Bxc8 {[%clk 0:17:15]} 28. Re4 {[%clk 0:53:57]} Bd7
{[%clk 0:17:13]} 29. Kd2 {[%clk 0:49:10]} Nb6 {[%clk 0:16:29]} 30. Kc3
{[%clk 0:46:00]} a5 {[%clk 0:15:47]} 31. Re5 {[%clk 0:45:51]} a4 {[%clk 0:15:32]}
32. Kb4 {[%clk 0:46:07]} f6 {[%clk 0:14:22]} 33. gxf6 {[%clk 0:43:30]} gxf6
{[%clk 0:14:48]} 34. Ra5 {[%clk 0:43:52]} Be6 {[%clk 0:09:25]} 35. Kc5
{[%clk 0:42:18]} Nd5 {[%clk 0:08:00]} 36. Kd6 {[%clk 0:41:34]} Nxf4
{[%clk 0:07:35]} 37. Rxa4 {[%clk 0:41:51]} Nd3 {[%clk 0:03:29]} 38. cxd3
{[%clk 0:42:09]} 1-0

[Event "Uppsala Young Champions 2016"]
[Site "Uppsala Schackcentrum, Sweden"]
[Date "2016.11.02"]
[Round "8.8"]
[White "Bannout, Edvin"]
[Black "Crevatin, Leo"]
[Result "1/2-1/2"]
[BlackElo "2030"]
[WhiteElo "1818"]
[LiveChessVersion "1.4.8"]

1. d4 {[%clk 1:27:20]} d5 {[%clk 1:30:57]} 2. c4 {[%clk 1:27:43]} c6
{[%clk 1:31:25]} 3. cxd5 {[%clk 1:28:06]} cxd5 {[%clk 1:31:52]} 4. Nc3
{[%clk 1:28:31]} Nf6 {[%clk 1:31:37]} 5. Bf4 {[%clk 1:27:27]} a6 {[%clk 1:31:23]}
6. e3 {[%clk 1:27:29]} Nc6 {[%clk 1:28:48]} 7. Bd3 {[%clk 1:25:41]} h6
{[%clk 1:27:00]} 8. h3 {[%clk 1:22:39]} e6 {[%clk 1:26:28]} 9. Nf3
{[%clk 1:22:36]} Bd6 {[%clk 1:24:22]} 10. Bxd6 {[%clk 1:21:25]} Qxd6
{[%clk 1:24:49]} 11. O-O {[%clk 1:16:37]} b5 {[%clk 1:23:28]} 12. a3
{[%clk 1:11:46]} O-O {[%clk 1:19:25]} 13. b4 {[%clk 1:08:34]} e5 {[%clk 1:17:59]}
14. dxe5 {[%clk 1:07:12]} Nxe5 {[%clk 1:18:14]} 15. Rc1 {[%clk 0:59:16]} Be6
{[%clk 1:14:06]} 16. Be2 {[%clk 0:46:55]} Rac8 {[%clk 1:07:40]} 17. Qd4
{[%clk 0:38:59]} Nxf3+ {[%clk 1:04:40]} 18. Bxf3 {[%clk 0:39:05]} Rc4
{[%clk 1:04:44]} 19. Qd2 {[%clk 0:33:42]} Rfc8 {[%clk 1:01:50]} 20. Be2
{[%clk 0:25:15]} R4c6 {[%clk 0:59:01]} 21. Bd3 {[%clk 0:22:17]} Kf8
{[%clk 0:51:08]} 22. Ne2 {[%clk 0:20:52]} Nd7 {[%clk 0:44:07]} 23. Nd4
{[%clk 0:17:00]} Rxc1 {[%clk 0:43:29]} 24. Rxc1 {[%clk 0:17:24]} Rxc1+
{[%clk 0:43:42]} 25. Qxc1 {[%clk 0:17:52]} Ne5 {[%clk 0:42:19]} 26. Be2
{[%clk 0:15:54]} Nc4 {[%clk 0:40:28]} 27. Qc3 {[%clk 0:14:56]} Qe5
{[%clk 0:32:32]} 28. Bd1 {[%clk 0:12:52]} Bd7 {[%clk 0:30:29]} 29. Bc2
{[%clk 0:13:00]} Ke8 {[%clk 0:27:50]} 30. Bd3 {[%clk 0:12:56]} Kf8
{[%clk 0:26:12]} 31. Ne2 {[%clk 0:09:41]} Qxc3 {[%clk 0:26:25]} 32. Nxc3
{[%clk 0:10:08]} Bc6 {[%clk 0:22:57]} 33. Bxc4 {[%clk 0:09:59]} dxc4
{[%clk 0:22:27]} 34. f3 {[%clk 0:09:36]} Ke7 {[%clk 0:21:29]} 35. Kf2
{[%clk 0:09:59]} Kd6 {[%clk 0:20:58]} 36. e4 {[%clk 0:07:45]} g5 {[%clk 0:19:38]}
37. Ke3 {[%clk 0:05:20]} Bd7 {[%clk 0:17:09]} 38. Kd4 {[%clk 0:05:18]} Be6
{[%clk 0:14:47]} 39. Nd1 {[%clk 0:04:54]} f5 {[%clk 0:14:04]} 40. Ne3
{[%clk 0:03:08]} fxe4 {[%clk 0:12:54]} 41. Kxe4 {[%clk 0:03:05]} Bd7
{[%clk 0:11:16]} 42. Kd4 {[%clk 0:01:35]} Be6 {[%clk 0:10:41]} 43. Nd1
{[%clk 0:01:54]} Bd5 {[%clk 0:10:28]} 44. Ne3 {[%clk 0:01:52]} Be6
{[%clk 0:10:52]} 45. Nf1 {[%clk 0:01:32]} Bf5 {[%clk 0:10:11]} 46. Ne3
{[%clk 0:01:02]} Ke5+ 47. Ke4+ 1/2-1/2

[Event "Uppsala Young Champions 2016"]
[Site "Uppsala Schackcentrum, Sweden"]
[Date "2016.11.02"]
[Round "8.9"]
[White "Aira, Leonardo"]
[Black "Jäppinen, Erland"]
[Result "1-0"]
[BlackElo "1768"]
[WhiteElo "1861"]
[LiveChessVersion "1.4.8"]

1. e4 {[%clk 1:24:53]} c6 {[%clk 1:30:30]} 2. d4 {[%clk 1:25:00]} d5
{[%clk 1:30:57]} 3. Nc3 {[%clk 1:25:27]} dxe4 {[%clk 1:31:20]} 4. Nxe4
{[%clk 1:25:51]} Bf5 {[%clk 1:31:37]} 5. Ng3 {[%clk 1:26:16]} Bg6
{[%clk 1:32:04]} 6. Bc4 {[%clk 1:26:33]} e6 {[%clk 1:29:25]} 7. N1e2
{[%clk 1:26:56]} Bd6 {[%clk 1:29:40]} 8. O-O {[%clk 1:23:37]} Nf6
{[%clk 1:28:30]} 9. f4 {[%clk 1:21:10]} O-O {[%clk 1:25:35]} 10. f5
{[%clk 1:18:04]} exf5 {[%clk 1:24:14]} 11. Nxf5 {[%clk 1:18:08]} c5
{[%clk 1:03:54]} 12. Nxd6 {[%clk 0:58:14]} Qxd6 {[%clk 1:04:15]} 13. Bf4
{[%clk 0:58:22]} Qd7 {[%clk 1:03:11]} 14. dxc5 {[%clk 0:51:43]} Qxd1
{[%clk 0:59:24]} 15. Raxd1 {[%clk 0:50:51]} Bxc2 {[%clk 0:59:26]} 16. Rc1
{[%clk 0:49:38]} Bg6 {[%clk 0:58:11]} 17. Bd6 {[%clk 0:43:23]} Re8
{[%clk 0:56:21]} 18. Nd4 {[%clk 0:32:12]} Nbd7 {[%clk 0:51:46]} 19. Nf5
{[%clk 0:28:00]} Ne5 {[%clk 0:48:02]} 20. Ne7+ {[%clk 0:25:37]} Rxe7
{[%clk 0:47:32]} 21. Bxe7 {[%clk 0:26:03]} Nxc4 {[%clk 0:47:54]} 22. Rxc4
{[%clk 0:26:22]} Bd3 {[%clk 0:47:41]} 23. Rb4 {[%clk 0:13:21]} Bxf1
{[%clk 0:46:55]} 24. Kxf1 {[%clk 0:13:45]} Rb8 {[%clk 0:44:26]} 25. Bd6
{[%clk 0:14:00]} Nd5 {[%clk 0:44:14]} 26. Rb3 {[%clk 0:13:36]} Re8
{[%clk 0:44:04]} 27. Rxb7 {[%clk 0:13:39]} Ne3+ {[%clk 0:44:21]} 28. Kf2
{[%clk 0:13:32]} a5 {[%clk 0:43:53]} 29. c6 {[%clk 0:06:30]} Nc4 {[%clk 0:42:41]}
30. Bg3 {[%clk 0:05:02]} Rc8 {[%clk 0:38:06]} 31. c7 {[%clk 0:05:10]} 1-0

[Event "Uppsala Young Champions 2016"]
[Site "Uppsala Schackcentrum, Sweden"]
[Date "2016.11.02"]
[Round "8.10"]
[White "Bit-Narva, David"]
[Black "Mitra, Akash"]
[Result "1-0"]
[BlackElo "1515"]
[WhiteElo "2019"]
[LiveChessVersion "1.4.8"]

1. d4 {[%clk 1:08:07]} Nf6 {[%clk 1:30:32]} 2. Nf3 {[%clk 1:07:48]} e6
{[%clk 1:30:21]} 3. e3 {[%clk 1:08:09]} b6 {[%clk 1:30:19]} 4. Bd3
{[%clk 1:08:27]} Bb7 {[%clk 1:30:32]} 5. O-O {[%clk 1:08:40]} Be7
{[%clk 1:29:31]} 6. Re1 {[%clk 1:08:28]} d5 {[%clk 1:28:48]} 7. Nbd2
{[%clk 1:06:08]} c5 {[%clk 1:26:24]} 8. c3 {[%clk 1:06:25]} Nbd7 {[%clk 1:25:35]}
9. e4 {[%clk 1:03:58]} dxe4 {[%clk 1:23:37]} 10. Nxe4 {[%clk 1:04:22]} Nxe4
{[%clk 1:23:16]} 11. Bxe4 {[%clk 1:04:47]} Bxe4 {[%clk 1:23:29]} 12. Rxe4
{[%clk 1:05:12]} Nf6 {[%clk 1:23:21]} 13. Qa4+ {[%clk 1:03:43]} Qd7
{[%clk 1:22:44]} 14. Qxd7+ {[%clk 1:04:06]} Nxd7 {[%clk 1:21:32]} 15. Bf4
{[%clk 1:01:26]} Nf6 {[%clk 1:19:48]} 16. Re2 {[%clk 1:01:32]} O-O
{[%clk 1:19:26]} 17. Ne5 {[%clk 0:57:16]} cxd4 {[%clk 1:14:20]} 18. Nc6
{[%clk 0:57:29]} Nd5 {[%clk 1:06:22]} 19. Nxe7+ {[%clk 0:55:42]} Nxe7
{[%clk 1:05:27]} 20. cxd4 {[%clk 0:56:06]} Rfd8 {[%clk 1:02:52]} 21. Bg5
{[%clk 0:56:18]} Rd7 {[%clk 1:02:39]} 22. Bxe7 {[%clk 0:56:41]} Rxe7
{[%clk 1:02:39]} 23. d5 {[%clk 0:55:54]} Rd8 {[%clk 1:02:34]} 24. dxe6
{[%clk 0:54:40]} Rxe6 {[%clk 1:02:15]} 25. Kf1 {[%clk 0:54:54]} Rxe2
{[%clk 1:02:00]} 26. Kxe2 {[%clk 0:55:19]} Kf8 {[%clk 1:01:20]} 27. Rc1
{[%clk 0:55:33]} Rd7 {[%clk 1:01:03]} 28. b4 {[%clk 0:54:07]} Ke7
{[%clk 1:00:21]} 29. Ke3 {[%clk 0:54:26]} f5 {[%clk 0:58:50]} 30. Kf4
{[%clk 0:46:06]} g6 {[%clk 0:57:34]} 31. Ke5 {[%clk 0:37:56]} Kd8
{[%clk 0:52:29]} 32. Rc6 {[%clk 0:34:12]} Ke7 {[%clk 0:46:37]} 33. a4
{[%clk 0:32:34]} Rd2 {[%clk 0:42:35]} 34. Rc7+ {[%clk 0:32:43]} Kd8
{[%clk 0:42:47]} 35. Rxa7 {[%clk 0:29:55]} Rxf2 {[%clk 0:39:04]} 36. Kd6
{[%clk 0:29:49]} Rd2+ {[%clk 0:38:38]} 37. Kc6 {[%clk 0:29:21]} Rxg2
{[%clk 0:37:59]} 38. Rxh7 {[%clk 0:29:21]} Ra2 {[%clk 0:36:08]} 39. Kb5
{[%clk 0:28:27]} f4 {[%clk 0:35:22]} 40. Rf7 {[%clk 0:27:28]} g5 {[%clk 0:35:08]}
41. Rf5 {[%clk 0:27:03]} Rg2 {[%clk 0:34:53]} 42. Kxb6 {[%clk 0:25:25]} Ke7
{[%clk 0:34:47]} 43. a5 {[%clk 0:23:19]} Ke6 {[%clk 0:35:03]} 44. Rf8
{[%clk 0:23:37]} Ke7 {[%clk 0:35:24]} 45. Rc8 {[%clk 0:13:41]} f3
{[%clk 0:35:32]} 46. a6 {[%clk 0:07:11]} f2 {[%clk 0:35:41]} 47. Rc7+
{[%clk 0:05:17]} Kd6 {[%clk 0:35:00]} 48. a7 {[%clk 0:05:25]} f1=Q
{[%clk 0:35:01]} 49. a8=Q {[%clk 0:05:37]} Qf2+ {[%clk 0:35:00]} 50. Rc5
{[%clk 0:06:04]} Ke7 {[%clk 0:34:37]} 51. Qe4+ {[%clk 0:05:38]} Kd7
{[%clk 0:33:12]} 52. Kb7 {[%clk 0:05:56]} Qe2 {[%clk 0:32:03]} 53. Rd5#
{[%clk 0:06:19]} 1-0